Advanced mathematical analysis / (Record no. 39975)

MARC details
000 -LEADER
fixed length control field 00720nam a22002177a 4500
005 - DATE AND TIME OF LATEST TRANSACTION
control field 2010080707107.0
010 ## - LCCN (DPL NO)
LC control number ENG-98581
020 ## - INTERNATIONAL STANDARD BOOK NUMBER
International Standard Book Number 9788190908122
Terms of availability 275.00
035 ## - SYSTEM CONTROL NUMBER
System control number EN-82114
037 ## - SOURCE OF ACQUISITION
Source of stock number/acquisition DBAD/PUB
082 ## - DEWEY DECIMAL CLASSIFICATION NUMBER
Classification number 515
100 ## - MAIN ENTRY--PERSONAL NAME
Personal name Chatterjee,Utpal
245 ## - TITLE STATEMENT
Title Advanced mathematical analysis /
Statement of responsibility, etc by Utpal Chatterjee
250 ## - EDITION STATEMENT
Edition statement 2nd ed.
260 ## - PUBLICATION, DISTRIBUTION, ETC. (IMPRINT)
Place of publication, distribution, etc Kolkata
Name of publisher, distributor, etc Academic Publishers
Date of publication, distribution, etc 2010
270 ## - ADDRESS
Address 5A Bhawani Dutta Lane
City Kolkata
Postal code 700073
300 ## - PHYSICAL DESCRIPTION
Extent xii,667p
Dimensions 23cm(pbk)
500 ## - GENERAL NOTE
General note Includes bibliographical references and index
942 ## - ADDED ENTRY ELEMENTS (KOHA)
Source of classification or shelving scheme Dewey Decimal Classification
Item type English Books
Classification part 515
Call number suffix CHA
Holdings
Withdrawn status Lost status Not for loan Collection code Home library Current library Date acquired Source of acquisition Cost, normal purchase price Full call number Barcode Copy number Cost, replacement price Koha item type
    Not For Loan Non-fiction D.B.Act.Division D.B.Act.Division 07/08/2010 DBAD/PUB 275.00 515 CHA EN-82114 1 275.00 English Books

© Delhi Public Library
Hit Counter
free hit counter